000 00636cam a2200217 a 4500
001 13111385
005 20180213082126.0
008 030305s2004 maua 001 0 eng
010 _a 2003045222
020 _a0321166396
040 _aDLC
_cDLC
_dDLC
041 _aeng
080 _a515 MAR
082 0 0 _a515 MAR
_221
100 1 _a39
101 _aMAT
245 1 0 _aCalculus and its applications /
_cMarvin L. Bittinger.
906 _a7
_bcbc
_corignew
_d1
_eocip
_f20
_gy-gencatlg
942 _2ddc
_cBK
999 _c42409
_d42409